000 00462nam a22001937a 4500
003 MPLRDC
005 20220104144243.0
008 210129b ||||| |||| 00| 0 eng d
020 _a983-082-147-1
082 _a857.9 HY-10 v.16
100 _a黄易
245 _a边荒传说, 卷十六
_c
250 _a初版
260 _a
_b黄易出版社
_c2002
300 _b
490 _a异侠系列
650 _a武侠小说
942 _cBK
_o857.9 HY-10 v.16
999 _c47850
_d47840